[Event "Politiken Cup 2011"]
[Site "Helsingor"]
[Date "2011.08.05"]
[Round "8.36"]
[White "Johansson, Linus"]
[Black "Burmeister, Rick"]
[Result "1-0"]
[WhiteElo "2159"]
[BlackElo "2298"]
[PlyCount "139"]
[EventDate "2011.??.??"]
[WhiteTeam "Limhamn"]

1. d4 e6 2. Nf3 f5 3. g3 Nf6 4. Bg2 Be7 5. O-O O-O 6. c4 d5 7. Nbd2 c6 8. Ne5
Nbd7 9. Nd3 a5 10. Qc2 Ne4 11. Nf3 Nd6 12. b3 Nf7 13. a4 Kh8 14. Ba3 Bxa3 15.
Rxa3 Qe7 16. Raa1 dxc4 17. bxc4 e5 18. dxe5 Nfxe5 19. Rfe1 Ng6 20. Qc1 Nde5 21.
Nfxe5 Nxe5 22. Qe3 Re8 23. Nxe5 Qxe5 24. Qxe5 Rxe5 25. Rab1 Rc5 26. Red1 Be6
27. Rxb7 Rxc4 28. h4 f4 29. Rd6 Bd5 30. Bxd5 cxd5 31. Ra7 Rf8 32. Rdd7 fxg3 33.
fxg3 Rg4 34. Kg2 h5 35. Rxa5 Re8 36. Kf3 Rf8+ 37. Kg2 Re8 38. Raxd5 Rxe2+ 39.
Kf3 Rge4 40. Rxh5+ Kg8 41. Rg5 Kh8 42. Rh5+ Kg8 43. Rg5 Kh8 44. a5 R2e3+ 45.
Kg2 Ra4 46. Kh3 Rea3 47. Ra7 Ra2 48. Rh5+ Kg8 49. Ra8+ Kf7 50. Rg5 Ra1 51. Ra7+
Kf8 52. Rgxg7 Rxa5 53. Rxa5 Rxa5 54. Rb7 Ra4 55. h5 Kg8 56. g4 Ra5 57. Kh4 Rc5
58. h6 Rc6 59. Kh5 Rd6 60. g5 Rd5 61. Re7 Ra5 62. Kg6 Ra6+ 63. Kf5 Ra5+ 64. Kf6
Ra6+ 65. Re6 Ra8 66. g6 Rb8 67. Rd6 Re8 68. Rd7 Kh8 69. Kf7 Rf8+ 70. Ke7 1-0

[Event "Politiken Cup 2011"]
[Site "Helsingor"]
[Date "2011.08.05"]
[Round "8.38"]
[White "Schmidt, Kristen"]
[Black "Andersson, Christin"]
[Result "1-0"]
[WhiteElo "2289"]
[BlackElo "2134"]
[PlyCount "115"]
[EventDate "2011.??.??"]
[BlackTeam "SK Bara Bønder"]

1. e4 e6 2. d4 d5 3. Nd2 Nf6 4. e5 Nfd7 5. Bd3 c5 6. c3 Nc6 7. Ngf3 f6 8. exf6
Nxf6 9. O-O Bd6 10. Qe2 O-O 11. Ne5 cxd4 12. Nxc6 bxc6 13. cxd4 Re8 14. Nf3 c5
15. dxc5 Bxc5 16. Ne5 a6 17. Bg5 Bb7 18. Bxh7+ Kxh7 19. Qc2+ Kg8 20. Qxc5 Ne4
21. Bxd8 Nxc5 22. Bb6 Ne4 23. Rac1 Rac8 24. f3 Nd2 25. Rfd1 Nc4 26. Nxc4 dxc4
27. Rd7 Bc6 28. Ra7 Bb5 29. Re1 e5 30. Re4 Re6 31. Ba5 Rce8 32. Bc3 Kh7 33. h3
Kg8 34. f4 Rg6 35. Rxe5 Rf8 36. f5 Rgf6 37. Rxb5 axb5 38. Bxf6 Rxf6 39. g4 Rd6
40. a4 Rd1+ 41. Kf2 Rd2+ 42. Kg3 Rxb2 43. axb5 Rxb5 44. Rc7 Rb3+ 45. Kh4 c3 46.
Kg5 Kf8 47. h4 Ra3 48. h5 Rb3 49. h6 gxh6+ 50. Kxh6 Rb8 51. Kg6 Ke8 52. f6 Kf8
53. g5 Rd8 54. Rxc3 Ke8 55. Rh3 Rd6 56. Rh8+ Kd7 57. Kf7 Kc7 58. Re8 1-0

[Event "Politiken Cup 2011"]
[Site "Helsingor"]
[Date "2011.08.05"]
[Round "8.45"]
[White "Skousen, Nikolai"]
[Black "Schmied, Andreas"]
[Result "1-0"]
[WhiteElo "2289"]
[BlackElo "2081"]
[PlyCount "49"]
[EventDate "2011.??.??"]
[WhiteTeam "Øbro"]

1. d4 Nf6 2. Nf3 g6 3. c4 Bg7 4. Nc3 d5 5. cxd5 Nxd5 6. e4 Nxc3 7. bxc3 c5 8.
Rb1 O-O 9. Be2 cxd4 10. cxd4 Qa5+ 11. Bd2 Qxa2 12. O-O Bg4 13. Bg5 h6 14. Bh4
f5 15. exf5 Rxf5 16. Rxb7 Nc6 17. Rc7 Na5 18. h3 Bxf3 19. Bxf3 Rd8 20. d5 Nc4
21. Bxe7 Ne5 22. Bxd8 Nxf3+ 23. gxf3 Rxd5 24. Qe1 Rxd8 25. Qe7 1-0

[Event "Politiken Cup 2011"]
[Site "Helsingor"]
[Date "2011.08.05"]
[Round "8.46"]
[White "Taksrud, Vidar"]
[Black "Christensen, Bo Garner"]
[Result "0-1"]
[WhiteElo "2074"]
[BlackElo "2289"]
[PlyCount "92"]
[EventDate "2011.??.??"]
[WhiteTeam "Tempo Sjakk"]
[BlackTeam "K41"]

1. Nc3 c5 2. Nf3 Nc6 3. d4 cxd4 4. Nxd4 Nf6 5. e4 e5 6. Ndb5 d6 7. Bg5 a6 8.
Na3 b5 9. Nd5 Be7 10. Bxf6 Bxf6 11. c3 Bg5 12. Nc2 O-O 13. h4 Bh6 14. g4 g6 15.
g5 Bg7 16. Nce3 f5 17. gxf6 Bxf6 18. Nxf6+ Qxf6 19. Qd2 Be6 20. Bh3 Bf7 21. h5
Rad8 22. O-O-O Bxa2 23. hxg6 Na5 24. Nd5 Nb3+ 25. Kc2 Qxf2 26. gxh7+ Kh8 27.
Qxf2 Rxf2+ 28. Kd3 Na5 29. Ke3 Rdf8 30. Bf5 Rxb2 31. Ne7 Rg2 32. Rdg1 Rxg1 33.
Rxg1 Bf7 34. Be6 Kxh7 35. Rh1+ Kg7 36. Nf5+ Kf6 37. Bxf7 Rxf7 38. Nxd6 Rd7 39.
Nf5 Nc4+ 40. Ke2 a5 41. Rf1 Ke6 42. Rb1 Rd2+ 43. Ke1 Rb2 44. Rd1 a4 45. Ra1 a3
46. Kd1 Rg2 0-1

[Event "Politiken Cup 2011"]
[Site "Helsingor"]
[Date "2011.08.05"]
[Round "8.37"]
[White "Lindgren, Philip"]
[Black "Skovgaard, Peter"]
[Result "1/2-1/2"]
[WhiteElo "2145"]
[BlackElo "2288"]
[PlyCount "107"]
[EventDate "2011.??.??"]
[WhiteTeam "Limhamn"]
[BlackTeam "BMS"]

1. d4 Nf6 2. c4 e6 3. Nf3 Bb4+ 4. Bd2 Qe7 5. g3 Nc6 6. Nc3 Bxc3 7. Bxc3 Ne4 8.
Rc1 d6 9. d5 Nxc3 10. Rxc3 Nb8 11. dxe6 fxe6 12. Bg2 O-O 13. O-O e5 14. b4 c6
15. Qd2 Na6 16. a3 Bg4 17. Rd1 Bxf3 18. Bxf3 Rf6 19. b5 Nc5 20. bxc6 bxc6 21.
Bxc6 Raf8 22. Rf3 Kh8 23. Rxf6 Rxf6 24. Qe3 Qc7 25. Rb1 Rf8 26. Bd5 h6 27. Kg2
Qa5 28. Rb4 Qd8 29. h4 Qc7 30. Rb1 Qd8 31. Be4 Qf6 32. Bd5 Qd8 33. Rd1 Qc7 34.
Rc1 Qd8 35. Rc3 Qb6 36. Rc1 Qd8 37. f3 Qc7 38. Be4 Rb8 39. Rb1 Rxb1 40. Bxb1
Qb7 41. Qc1 Qb3 42. Qc2 Qxc2 43. Bxc2 Kg8 44. f4 Kf7 45. Kf3 Kf6 46. e3 a5 47.
g4 g5 48. hxg5+ hxg5 49. Bf5 Na4 50. Ke4 gxf4 51. exf4 exf4 52. Kxf4 Nb2 53.
g5+ Ke7 54. c5 1/2-1/2

[Event "Politiken Cup 2011"]
[Site "Helsingor"]
[Date "2011.08.05"]
[Round "8.39"]
[White "Jorgensen, Michael"]
[Black "Brondum, Eric"]
[Result "0-1"]
[WhiteElo "2271"]
[BlackElo "2112"]
[PlyCount "130"]
[EventDate "2011.??.??"]
[WhiteTeam "Helsingør"]
[BlackTeam "K41"]

1. d4 Nf6 2. c4 e5 3. dxe5 Ng4 4. Nf3 Bc5 5. e3 Nc6 6. Nc3 Ngxe5 7. Nxe5 Nxe5
8. Be2 O-O 9. O-O Re8 10. b3 a5 11. Na4 Bf8 12. f4 Ng6 13. Qd3 d6 14. e4 f5 15.
exf5 Bxf5 16. Qxf5 Rxe2 17. Nc3 Rxg2+ 18. Kh1 Kh8 19. Qh3 Nh4 20. f5 Be7 21.
Rf4 Rc2 22. Nd5 g5 23. f6 Bf8 24. Rxh4 gxh4 25. Qf5 Re2 26. Bg5 Qe8 27. Ne7
Bxe7 28. fxe7 Qc6+ 29. Qd5 Qxd5+ 30. cxd5 h3 31. Rg1 Rg2 32. Re1 Rxg5 33. e8=Q+
Rxe8 34. Rxe8+ Kg7 35. Re7+ Kg6 36. Rxc7 Rxd5 37. Kg1 Rd2 38. a4 Rg2+ 39. Kf1
Rxh2 40. Rxb7 Rb2 41. Kg1 Kf5 42. Rb5+ Ke4 43. Rxa5 Rxb3 44. Rh5 d5 45. Rxh7 d4
46. a5 Ra3 47. Rh4+ Kd5 48. Kf2 Kc4 49. Rh5 h2 50. Rxh2 Ra2+ 51. Kg3 Rxa5 52.
Kf4 Ra8 53. Rc2+ Kd3 54. Rc7 Re8 55. Rd7 Kc3 56. Rc7+ Kd2 57. Kf3 d3 58. Kf2
Rf8+ 59. Kg2 Kd1 60. Rd7 d2 61. Rd5 Rf4 62. Kg3 Rc4 63. Kf2 Kc1 64. Ke2 Re4+
65. Kf3 Re1 0-1

[Event "Politiken Cup 2011"]
[Site "Helsingor"]
[Date "2011.08.05"]
[Round "8.41"]
[White "Jorgensen, Carina Eilegaard"]
[Black "Gagliardi, Christian"]
[Result "0-1"]
[WhiteElo "2030"]
[BlackElo "2258"]
[PlyCount "86"]
[EventDate "2011.??.??"]
[WhiteTeam "Taastrup"]
[BlackTeam "Mariano Comense"]

1. d4 Nf6 2. c4 e6 3. Nf3 d5 4. a3 c5 5. cxd5 exd5 6. g3 Nc6 7. Bg2 c4 8. Nc3
Be7 9. O-O O-O 10. b3 cxb3 11. Qxb3 Na5 12. Qc2 h6 13. a4 Be6 14. Ba3 Rc8 15.
Bxe7 Qxe7 16. Qd3 g6 17. Ne5 b6 18. f3 Kh7 19. Nb5 Rfd8 20. Rfc1 Ne8 21. Rc3 a6
22. Rxc8 Rxc8 23. Na3 Qg5 24. f4 Qe7 25. Nc2 Nf6 26. Ne3 Nc4 27. N3xc4 dxc4 28.
Qc2 Qd6 29. Rd1 Qa3 30. e4 Qe3+ 31. Qf2 Qb3 32. Rc1 Ng4 33. Nxg4 Bxg4 34. d5 c3
35. Qd4 Kg8 36. Qd3 Qb2 37. Qc2 Qxc2 38. Rxc2 b5 39. axb5 axb5 40. h3 Bd7 41.
e5 b4 42. Be4 b3 43. Rc1 b2 0-1

[Event "Politiken Cup 2011"]
[Site "Helsingor"]
[Date "2011.08.05"]
[Round "8.42"]
[White "Stojanovski, Sandi"]
[Black "Rauramaa, Julius"]
[Result "1/2-1/2"]
[WhiteElo "2254"]
[BlackElo "1904"]
[PlyCount "91"]
[EventDate "2011.??.??"]
[WhiteTeam "K41"]
[BlackTeam "Matinkylan Shakkikenho"]

1. d4 f5 2. Nf3 Nf6 3. g3 g6 4. Bg2 Bg7 5. O-O O-O 6. b3 c5 7. e3 Ne4 8. Bb2
Nc6 9. Nbd2 d5 10. c4 e6 11. Qc2 b6 12. dxc5 Bxb2 13. Qxb2 bxc5 14. Rfd1 Qe7
15. Ne5 Bb7 16. Nxc6 Bxc6 17. Rac1 Rac8 18. Qe5 Rfd8 19. Nxe4 dxe4 20. Bf1 a5
21. Be2 a4 22. Qc3 axb3 23. Qxb3 Rb8 24. Rxd8+ Qxd8 25. Rd1 Qc7 26. Qc3 e5 27.
Qd2 Kf7 28. Qd6 Qxd6 29. Rxd6 Rc8 30. Bd1 Ke7 31. Rd2 Rb8 32. Bb3 Rb4 33. Kf1
g5 34. Ke2 f4 35. Kd1 h5 36. Kc2 h4 37. Kc3 Rb8 38. Bd1 f3 39. Rb2 Rxb2 40.
Kxb2 Kd7 41. Ka3 Kc7 42. gxh4 gxh4 43. Kb3 Kb6 44. Kc3 Ka5 45. Bc2 h3 46. a3
1/2-1/2

[Event "Politiken Cup 2011"]
[Site "Helsingor"]
[Date "2011.08.05"]
[Round "8.47"]
[White "Jorgensen, Dennis"]
[Black "Halamus, Agata"]
[Result "1/2-1/2"]
[WhiteElo "2231"]
[BlackElo "2076"]
[PlyCount "145"]
[EventDate "2011.??.??"]
[WhiteTeam "Allerød"]
[BlackTeam "AKS Mikolow"]

1. d4 Nf6 2. Nf3 g6 3. g3 Bg7 4. Bg2 d5 5. c4 O-O 6. O-O dxc4 7. Na3 c3 8. bxc3
c5 9. Nc4 Nc6 10. Nce5 Nd5 11. Bd2 Be6 12. Nxc6 bxc6 13. e4 Nb6 14. Bf4 Nc4 15.
Ng5 Bc8 16. Qa4 Nb6 17. Qxc6 Ba6 18. Bc7 Qd7 19. Qxd7 Nxd7 20. Rfd1 Rac8 21.
Bf4 cxd4 22. Bh3 Rfd8 23. e5 e6 24. cxd4 Bc4 25. Ne4 Bd5 26. Nd6 Rc6 27. Rdb1
Rxd6 28. exd6 Bxd4 29. Rc1 Bxa1 30. Rxa1 Nb6 31. Bg2 f6 32. Rd1 Bxg2 33. Kxg2
Nd5 34. Be3 Nxe3+ 35. fxe3 e5 36. Rd5 Kf7 37. Ra5 Rd7 38. Kf3 Ke6 39. Ra6 h5
40. h4 Kd5 41. e4+ Kc5 42. a4 Rxd6 43. Rxa7 Rd3+ 44. Kf2 Ra3 45. Rg7 Kd4 46.
Rxg6 Kxe4 47. Rxf6 Ra2+ 48. Kg1 Rxa4 49. g4 hxg4 50. h5 Ra3 51. h6 Rh3 52. Kg2
Ke3 53. Ra6 Kf4 54. Rf6+ Kg5 55. Re6 Kf5 56. Ra6 e4 57. Ra5+ Kf4 58. Ra6 Kg5
59. Ra4 e3 60. Re4 Kf5 61. Re7 Kf4 62. h7 Rh6 63. Rf7+ Ke5 64. Re7+ Kf4 65.
Rf7+ Kg5 66. Re7 e2 67. Rxe2 Rxh7 68. Ra2 Rh3 69. Ra8 Rd3 70. Rg8+ Kf4 71. Rf8+
Ke4 72. Rf7 g3 73. Rf8 1/2-1/2

[Event "Politiken Cup 2011"]
[Site "Helsingor"]
[Date "2011.08.05"]
[Round "8.48"]
[White "Brorsen, Jacob Abildlund"]
[Black "Sturt, Raven M"]
[Result "1-0"]
[WhiteElo "2061"]
[BlackElo "2231"]
[PlyCount "51"]
[EventDate "2011.??.??"]
[WhiteTeam "BMS"]
[BlackTeam "Marshall"]

1. d4 d5 2. Nf3 Nf6 3. g3 Bf5 4. Bg2 e6 5. O-O c5 6. c4 Nc6 7. cxd5 Nxd5 8. Nc3
Be7 9. Nxd5 Qxd5 10. Be3 Bf6 11. Qa4 O-O 12. dxc5 b5 13. Qxb5 Rab8 14. Qa4 Rb4
15. Qa6 Nb8 16. Qa3 a5 17. Rad1 Bxb2 18. Qxa5 Qc4 19. Rd8 Nc6 20. Rxf8+ Kxf8
21. Qa8+ Nb8 22. a3 Rb5 23. Nd2 Qc3 24. a4 Rb4 25. Bb7 Qe5 26. Qa5 1-0

[Event "Politiken Cup 2011"]
[Site "Helsingor"]
[Date "2011.08.05"]
[Round "8.49"]
[White "Hansen, Mads"]
[Black "Johansen, Johnny Holler"]
[Result "1-0"]
[WhiteElo "2224"]
[BlackElo "1998"]
[PlyCount "79"]
[EventDate "2011.??.??"]
[WhiteTeam "Frem"]
[BlackTeam "Frem"]

1. e4 c5 2. Nf3 Nc6 3. d4 cxd4 4. Nxd4 g6 5. Nc3 Bg7 6. Be3 Nf6 7. Bc4 O-O 8.
Bb3 a5 9. O-O Nxd4 10. Bxd4 d6 11. a4 Nd7 12. Re1 Bxd4 13. Qxd4 Nc5 14. Rad1
Nxb3 15. cxb3 Be6 16. b4 Rc8 17. b5 Qc7 18. Qd2 Qc5 19. Nd5 Bxd5 20. exd5 Qc7
21. Rc1 Qd7 22. Qxa5 Rxc1 23. Rxc1 Rc8 24. Qd2 Rxc1+ 25. Qxc1 Qf5 26. Qd1 Qe5
27. b3 Qc3 28. g3 Qc5 29. Qf3 b6 30. h4 h5 31. Qe4 Kg7 32. Qc4 Qa3 33. Qd4+ Kh7
34. Qxb6 Qxb3 35. Qd4 e6 36. dxe6 fxe6 37. b6 d5 38. a5 Qb5 39. Qa1 Qa6 40. Qb1
1-0

[Event "Politiken Cup 2011"]
[Site "Helsingor"]
[Date "2011.08.05"]
[Round "8.50"]
[White "Thingstad, Even"]
[Black "Svendsen, Peter"]
[Result "1-0"]
[WhiteElo "2223"]
[BlackElo "1987"]
[PlyCount "73"]
[EventDate "2011.??.??"]
[WhiteTeam "Hønefoss"]
[BlackTeam "Hillerød"]

1. d4 g6 2. c4 Bg7 3. Nf3 d6 4. e4 Nf6 5. Nc3 O-O 6. Be2 e5 7. O-O Nc6 8. d5
Ne7 9. Ne1 Nd7 10. f3 f5 11. g4 Nf6 12. Be3 Kh8 13. c5 Rf7 14. cxd6 cxd6 15.
Rc1 Neg8 16. Nd3 Qe8 17. Nf2 Bf8 18. Nb5 Qd8 19. Qb3 f4 20. Bd2 h5 21. h3 hxg4
22. hxg4 Rh7 23. Kg2 Nh5 24. Rh1 Qg5 25. Rc7 Be7 26. Qc3 Ng3 27. Rxh7+ Kxh7 28.
Nh3 Qh4 29. Be1 Qh6 30. Bxg3 Bxg4 31. fxg4 fxg3 32. Qxg3 Qd2 33. Qh4+ Kg7 34.
Rxe7+ Nxe7 35. Qxe7+ Kg8 36. Nc3 Qxb2 37. Ng5 1-0

[Event "Politiken Cup 2011"]
[Site "Helsingor"]
[Date "2011.08.05"]
[Round "8.71"]
[White "Olofsson-Dolk, Mattis"]
[Black "Hartvig, Ove Weiss"]
[Result "0-1"]
[WhiteElo "1951"]
[BlackElo "2220"]
[PlyCount "62"]
[EventDate "2011.??.??"]
[WhiteTeam "Växsjo"]
[BlackTeam "Esbjerg"]

1. e4 c5 2. Nf3 d6 3. d4 cxd4 4. Nxd4 Nf6 5. Nc3 g6 6. Be3 Bg7 7. f3 O-O 8. Qd2
Nc6 9. Bc4 Bd7 10. O-O-O Rb8 11. h4 Na5 12. Bb3 b5 13. Bh6 Bxh6 14. Qxh6 e5 15.
Nde2 b4 16. Nd5 Nxb3+ 17. axb3 Nxd5 18. Rxd5 Be6 19. h5 Rb7 20. hxg6 fxg6 21.
Rd3 Qc7 22. Rhd1 Rc8 23. Qd2 Rb6 24. Kb1 Ra6 25. c4 Qa5 26. Rxd6 Qa2+ 27. Kc2
Rxc4+ 28. bxc4 b3+ 29. Kc3 Qa5+ 30. Kxb3 Qa4+ 31. Kc3 Qxc4# 0-1

[Event "Politiken Cup 2011"]
[Site "Helsingor"]
[Date "2011.08.05"]
[Round "8.51"]
[White "Hauge, Lars Oskar"]
[Black "Pedersen, Gunnar"]
[Result "1/2-1/2"]
[WhiteElo "2052"]
[BlackElo "2218"]
[PlyCount "50"]
[EventDate "2011.??.??"]
[BlackTeam "Esbjerg"]

1. e4 c5 2. Nf3 e6 3. d4 cxd4 4. Nxd4 Bc5 5. Nb3 Bb6 6. Nc3 Ne7 7. Bf4 d5 8.
exd5 exd5 9. Bd3 O-O 10. O-O Nbc6 11. Qh5 g6 12. Qh4 Nf5 13. Qxd8 Rxd8 14. Na4
Bd4 15. Nxd4 Nfxd4 16. Nc3 Bf5 17. Bxf5 Nxf5 18. Rad1 Nfd4 19. Rd2 Ne6 20. Bg3
d4 21. Ne2 Nb4 22. a3 Nxc2 23. Rxc2 d3 24. Rd2 dxe2 25. Rxe2 Rac8 1/2-1/2

[Event "Politiken Cup 2011"]
[Site "Helsingor"]
[Date "2011.08.05"]
[Round "8.43"]
[White "Johansson, Thomas"]
[Black "Nilsson, Patrik 1978"]
[Result "1-0"]
[WhiteElo "2207"]
[BlackElo "2057"]
[PlyCount "59"]
[EventDate "2011.??.??"]
[WhiteTeam "Malmø AS"]

1. c4 f5 2. Nc3 Nf6 3. Nf3 g6 4. d4 Bg7 5. e3 d6 6. Be2 O-O 7. b4 c6 8. Qb3 Qc7
9. a4 Kh8 10. c5 d5 11. h4 Be6 12. Ng5 Bf7 13. h5 Nxh5 14. Bxh5 gxh5 15. Bb2
Nd7 16. Nxf7+ Rxf7 17. Rxh5 b6 18. O-O-O e6 19. Rdh1 Bf6 20. g4 fxg4 21. Qc2
Nf8 22. e4 Bxd4 23. Nxd5 cxd5 24. Bxd4+ Rg7 25. Be5 Qe7 26. exd5 Kg8 27. d6 Qf7
28. Qe4 Qxf2 29. Bxg7 Kxg7 30. Rg5+ 1-0

[Event "Politiken Cup 2011"]
[Site "Helsingor"]
[Date "2011.08.05"]
[Round "8.53"]
[White "Akdag, Dara"]
[Black "Meier, Lars"]
[Result "1-0"]
[WhiteElo "2201"]
[BlackElo "1980"]
[PlyCount "61"]
[EventDate "2011.??.??"]
[WhiteTeam "BMS"]
[BlackTeam "SK Gründau"]

1. d4 f5 2. c4 Nf6 3. Nc3 g6 4. h4 Bg7 5. h5 Nxh5 6. e4 d6 7. exf5 e5 8. dxe5
Bxe5 9. Rxh5 gxh5 10. Qxh5+ Kd7 11. Qf7+ Qe7 12. Qxe7+ Kxe7 13. Nd5+ Kd7 14. f4
Bd4 15. Nf3 Nc6 16. g4 b6 17. g5 Bb7 18. Nxd4 Nxd4 19. Bd3 Rae8+ 20. Kf2 Bxd5
21. cxd5 Ref8 22. f6 c5 23. Be3 h6 24. Bxd4 cxd4 25. Bf5+ Kc7 26. Re1 hxg5 27.
fxg5 Rh5 28. Re7+ Kd8 29. Rd7+ Ke8 30. Be6 Rfh8 31. Re7+ 1-0

[Event "Politiken Cup 2011"]
[Site "Helsingor"]
[Date "2011.08.05"]
[Round "8.54"]
[White "Skjoldager, Mikael"]
[Black "Rostgaard, Tobias Valentin"]
[Result "0-1"]
[WhiteElo "1998"]
[BlackElo "2184"]
[PlyCount "100"]
[EventDate "2011.??.??"]
[WhiteTeam "Evans"]
[BlackTeam "BMS"]

1. d4 d5 2. c4 c6 3. Nf3 Nf6 4. Nc3 dxc4 5. a4 Bf5 6. Ne5 Nbd7 7. Nxc4 Nb6 8.
Ne5 a5 9. Bg5 Nfd7 10. e4 Nxe5 11. exf5 Nec4 12. b3 Nd6 13. Qf3 h6 14. Bh4 Nxf5
15. Qxf5 Qxd4 16. Qh3 g5 17. Rd1 Qxh4 18. Qd3 Qb4 19. Rd2 Bg7 20. Na2 Qc5 21.
Be2 Nd5 22. O-O O-O 23. Rc1 Qd6 24. Qc4 Qf4 25. Qc2 e6 26. g3 Qe5 27. Bd3 Rfd8
28. Qd1 Rd7 29. Bb1 Rad8 30. Qc2 Qc7 31. Re2 Qb6 32. Rce1 Qd4 33. Re4 Qb2 34.
Qc4 Nf6 35. R4e2 Rd2 36. Nc3 Rxe2 37. Rxe2 Qc1+ 38. Kg2 Ne8 39. Rc2 Qe1 40. Ba2
Bxc3 41. Qxc3 Qxc3 42. Rxc3 Rd1 43. Rc2 Nc7 44. Rb2 Nd5 45. Bb1 Kf8 46. Be4 Rd4
47. Bf3 g4 48. Be2 Nc3 49. Bf1 Rb4 50. Bd3 Nxa4 0-1

[Event "Politiken Cup 2011"]
[Site "Helsingor"]
[Date "2011.08.05"]
[Round "8.55"]
[White "Guttulsrud, Odd Martin"]
[Black "Diaz, Linda"]
[Result "1-0"]
[WhiteElo "2177"]
[BlackElo "1988"]
[PlyCount "91"]
[EventDate "2011.??.??"]
[WhiteTeam "SK 1911"]
[BlackTeam "Marshall"]

1. e4 c5 2. Nf3 Nc6 3. d4 cxd4 4. Nxd4 d6 5. c4 Nf6 6. Nc3 g6 7. f3 Bg7 8. Be3
Bd7 9. Nc2 Rc8 10. Qd2 Ne5 11. Na3 a6 12. Be2 Qa5 13. O-O h5 14. Rfc1 Qd8 15.
Rab1 h4 16. h3 Be6 17. Nd5 Nh5 18. f4 Nd7 19. Bd4 f6 20. Bf3 Ng3 21. b4 Bh6 22.
Be3 f5 23. exf5 Bxf5 24. Rb3 O-O 25. Re1 Rf7 26. Nc3 Rb8 27. c5 Nf6 28. cxd6
exd6 29. Nc4 b6 30. Nd5 Nfe4 31. Qd1 g5 32. Bxb6 Qc8 33. Bxe4 Qxc4 34. Bxf5
Nxf5 35. fxg5 Bxg5 36. Qd3 Qc6 37. Rc3 Qa4 38. Ra3 Qc6 39. Rxa6 Qc3 40. b5 Rfb7
41. Ra4 Rxb6 42. Rg4 Qc5+ 43. Kh2 Ng7 44. Rxg5 Qf2 45. Rf1 Qxa2 46. Ne7+ 1-0

[Event "Politiken Cup 2011"]
[Site "Helsingor"]
[Date "2011.08.05"]
[Round "8.56"]
[White "Ambrosanio, Raffaele"]
[Black "Schultz-Pedersen, Jesper"]
[Result "1-0"]
[WhiteElo "1967"]
[BlackElo "2177"]
[PlyCount "83"]
[EventDate "2011.??.??"]
[WhiteTeam "A.S Mebs Sana Siena"]
[BlackTeam "Allerød"]

1. c4 Nc6 2. Nc3 e5 3. g3 f5 4. Bg2 Nf6 5. d3 Bc5 6. Nh3 d6 7. O-O O-O 8. Na4
Qe8 9. Nxc5 dxc5 10. e3 Bd7 11. f4 Rd8 12. a3 Kh8 13. Qc2 Bc8 14. Nf2 exf4 15.
gxf4 b6 16. Bd2 Bb7 17. Kh1 Rd6 18. Rae1 Qh5 19. e4 Ng4 20. Nxg4 fxg4 21. f5
Rfd8 22. Bf4 Rxd3 23. Qf2 Nd4 24. f6 Nf3 25. fxg7+ Kxg7 26. Re3 Rxe3 27. Qxe3
Rd4 28. Bxf3 gxf3 29. Qg1+ Kf7 30. Qg3 Bxe4 31. h3 Bd3 32. Rg1 Bg6 33. Bg5 Bf5
34. h4 h6 35. Bd8 Ke8 36. Bf6 Rg4 37. Qe5+ Kd7 38. Qd5+ Kc8 39. Qa8+ Kd7 40.
Qd5+ Kc8 41. Qa8+ Kd7 42. Qd8+ 1-0

[Event "Politiken Cup 2011"]
[Site "Helsingor"]
[Date "2011.08.05"]
[Round "8.72"]
[White "Pavlovskaia, Evgenia"]
[Black "Andersen, Daniel"]
[Result "1-0"]
[WhiteElo "2175"]
[BlackElo "1963"]
[PlyCount "35"]
[EventDate "2011.??.??"]
[WhiteTeam "Esløv SK"]
[BlackTeam "Frederiksund"]

1. e4 e6 2. d3 c5 3. Nf3 Nc6 4. c3 g6 5. Be3 d5 6. exd5 Qxd5 7. Be2 Bg7 8. Na3
b6 9. d4 cxd4 10. Nxd4 Nge7 11. Nab5 Qd8 12. Nxc6 Nxc6 13. Qxd8+ Kxd8 14.
O-O-O+ Ke7 15. Bf3 Bd7 16. Rxd7+ Kxd7 17. Rd1+ Ke7 18. Bxc6 1-0

[Event "Politiken Cup 2011"]
[Site "Helsingor"]
[Date "2011.08.05"]
[Round "8.57"]
[White "Jensen, Ib"]
[Black "Andersen, Morten"]
[Result "0-1"]
[WhiteElo "1985"]
[BlackElo "2172"]
[PlyCount "70"]
[EventDate "2011.??.??"]
[WhiteTeam "Helsingør"]
[BlackTeam "Centrum"]

1. d4 Nf6 2. Nf3 g6 3. Bf4 Bg7 4. h3 c5 5. e3 b6 6. Be2 O-O 7. c4 Ne4 8. Nbd2
f5 9. Rc1 Bb7 10. O-O Na6 11. a3 d6 12. Nxe4 fxe4 13. Ng5 Nc7 14. Bg4 Bxd4 15.
Bg3 Bxb2 16. Qc2 Bxc1 17. Ne6 Nxe6 18. Bxe6+ Kg7 19. Qc3+ Rf6 20. Rxc1 h6 21.
Rd1 Kh7 22. Bd5 Bxd5 23. Rxd5 Qh8 24. Qc2 Re6 25. Qd1 Qf6 26. Qa4 Qh8 27. Qd7
Qc8 28. Qa4 a6 29. h4 b5 30. Qd1 bxc4 31. h5 c3 32. hxg6+ Rxg6 33. Qc2 Qe6 34.
Rh5 Qc4 35. Kh2 Rf8 0-1

[Event "Politiken Cup 2011"]
[Site "Helsingor"]
[Date "2011.08.05"]
[Round "8.58"]
[White "Rorvik, Jon F"]
[Black "Rasmussen, Lars"]
[Result "1/2-1/2"]
[WhiteElo "2172"]
[BlackElo "1981"]
[PlyCount "97"]
[EventDate "2011.??.??"]
[WhiteTeam "Tempo Sjakk"]
[BlackTeam "Åbyhøj"]

1. c4 e5 2. Nc3 Nf6 3. g3 d5 4. cxd5 Nxd5 5. Bg2 Nb6 6. Nf3 Nc6 7. O-O Be7 8.
d3 O-O 9. Be3 Be6 10. Rc1 Qd7 11. Re1 Nd5 12. Bd2 Nxc3 13. Bxc3 f6 14. a3 Nd4
15. e3 Nb5 16. Qc2 Nxc3 17. Qxc3 c5 18. d4 cxd4 19. exd4 Rac8 20. Qe3 Rxc1 21.
Rxc1 exd4 22. Nxd4 Bf7 23. Qe4 b6 24. Nf5 Bc5 25. Rf1 Re8 26. Qg4 Be6 27. Bd5
g6 28. Rd1 Kh8 29. Bxe6 Qxe6 30. Ne3 Bxe3 31. Qxe6 Rxe6 32. fxe3 Rxe3 33. Rd8+
Kg7 34. Rd7+ Kh6 35. Rxa7 Rb3 36. Rb7 Rxb2 37. a4 Rb4 38. Kg2 Kg5 39. Kf3 h5
40. Ra7 Rb3+ 41. Kg2 Ra3 42. Ra6 Ra2+ 43. Kh3 Kf5 44. Rxb6 Rxa4 45. Rb5+ Ke4
46. Rb6 Ke5 47. Rb5+ Ke6 48. Rb6+ Kf7 49. Rb7+ 1/2-1/2

[Event "Politiken Cup 2011"]
[Site "Helsingor"]
[Date "2011.08.05"]
[Round "8.73"]
[White "Schou-Moldt, Thomas"]
[Black "Rosell, Sven"]
[Result "1/2-1/2"]
[WhiteElo "2167"]
[BlackElo "1979"]
[PlyCount "115"]
[EventDate "2011.??.??"]
[WhiteTeam "Allerød"]
[BlackTeam "LASK"]

1. e4 c6 2. d4 d5 3. e5 Bf5 4. Nf3 e6 5. Be2 Ne7 6. O-O Nd7 7. Be3 h6 8. a4 Bh7
9. a5 Nf5 10. c4 Be7 11. Qa4 Nxe3 12. fxe3 O-O 13. Nbd2 g5 14. h3 Bg6 15. b4 a6
16. b5 axb5 17. cxb5 c5 18. Nh2 Kg7 19. Rf2 Rh8 20. a6 cxd4 21. exd4 Qb6 22.
Raf1 Rhf8 23. Kh1 bxa6 24. bxa6 Ra7 25. Nb3 Qb4 26. Qa2 Rc8 27. Na5 Qxd4 28.
Bb5 Nb8 29. Ng4 Qc5 30. Qe2 Qb6 31. Nb3 Bc5 32. Nxc5 Qxc5 33. Qf3 Qxb5 34. Qf6+
Kh7 35. h4 Qc4 36. h5 Qxg4 37. hxg6+ fxg6 38. Qf7+ Rxf7 39. Rxf7+ Kg8 40. a7
Qh4+ 41. Kg1 Qd4+ 42. Kh1 Qh4+ 43. Kg1 Qd4+ 44. Kh1 Nc6 45. Rf8+ Rxf8 46. Rxf8+
Kxf8 47. a8=Q+ Kf7 48. Qxc6 Qxe5 49. Qd7+ Kf6 50. Qd8+ Kf5 51. Qf8+ Qf6 52. g4+
Ke5 53. Qb8+ Ke4 54. Qb1+ Ke3 55. Qe1+ Kd3 56. Qd1+ Kc4 57. Qe2+ Kc5 58. Qf2+
1/2-1/2

[Event "Politiken Cup 2011"]
[Site "Helsingor"]
[Date "2011.08.05"]
[Round "8.59"]
[White "Kyrkjebo, Erlend"]
[Black "Haubro, Sigfred"]
[Result "1-0"]
[WhiteElo "1953"]
[BlackElo "2164"]
[PlyCount "43"]
[EventDate "2011.??.??"]
[WhiteTeam "Stavanger"]
[BlackTeam "BMS"]

1. e4 d5 2. exd5 Qxd5 3. Nc3 Qa5 4. Bc4 Nf6 5. d3 c6 6. Qe2 Bf5 7. Bd2 Qc7 8.
h3 h5 9. O-O-O Nbd7 10. Nf3 Nb6 11. Ne5 e6 12. g4 Bh7 13. g5 Nxc4 14. dxc4 Bd6
15. Bf4 O-O-O 16. c5 Bxc5 17. gxf6 g5 18. Bxg5 Bd4 19. Bf4 Qa5 20. Nxf7 Bxc3
21. Qxe6+ Rd7 22. Qxd7# 1-0

[Event "Politiken Cup 2011"]
[Site "Helsingor"]
[Date "2011.08.05"]
[Round "8.60"]
[White "Leutwyler, Martin"]
[Black "Lyngsjo, Hakan"]
[Result "1/2-1/2"]
[WhiteElo "2163"]
[BlackElo "1943"]
[PlyCount "122"]
[EventDate "2011.??.??"]
[WhiteTeam "St.Gallen"]

1. e4 Nf6 2. e5 Nd5 3. d4 d6 4. c4 Nb6 5. exd6 exd6 6. Nc3 Nc6 7. Nf3 Bg4 8.
Be2 Be7 9. d5 Bxf3 10. Bxf3 Ne5 11. Be2 O-O 12. b3 Bf6 13. Qc2 Re8 14. O-O a5
15. Be3 Nbd7 16. Ne4 b6 17. Rad1 Nc5 18. Nxf6+ Qxf6 19. Bd4 Qg6 20. Qxg6 Nxg6
21. Rfe1 Re7 22. Bh5 Rae8 23. Rxe7 Nxe7 24. Re1 Kf8 25. Bg4 Nd3 26. Rb1 Ng6 27.
Bf5 Nb4 28. a3 Na6 29. Kf1 Nc5 30. b4 axb4 31. axb4 Na6 32. Bxg6 hxg6 33. f3
Nb8 34. Ra1 Nd7 35. Ra7 Rc8 36. f4 Nf6 37. Bxf6 gxf6 38. Kf2 f5 39. Kg3 Kg7 40.
Kf3 Kf6 41. g3 Kg7 42. Ke3 Kf6 43. Kd4 Ke7 44. c5 bxc5+ 45. bxc5 Kd7 46. c6+
Kd8 47. h3 Rb8 48. Kc4 Rc8 49. g4 fxg4 50. hxg4 Ke7 51. Kb5 Rb8+ 52. Ka5 Kd8
53. Rb7 Ra8+ 54. Kb5 Kc8 55. Kc4 Ra4+ 56. Kd3 Rxf4 57. Rb1 Rxg4 58. Rh1 Kb8 59.
Rb1+ Kc8 60. Rh1 Kb8 61. Rb1+ Kc8 1/2-1/2